000 00469nam a2200169Ia 4500
003 GCL
008 140319s9999 xx 000 0 ara d
040 _aGCL /
_cGCL
082 0 4 _a812.009
_bل ر
100 1 _aلويس عوض
245 1 0 _aالراهب دراما تاريخية فى ثلاث فصول /
_cلويس عوض
300 _a158 ص
490 _a
650 0 4 _aالمسرح العربى
650 0 4 _aالمسرحيات العربية
942 _2ddc
_cBK
999 _c39386
_d39386